Catalog

Record Details

Catalog Search



Oxford Bible atlas  Cover Image Book Book

Oxford Bible atlas / Herbert G. May

Record details

  • ISBN: 0-19-211557-X
  • Physical Description: 144 p.
  • Edition: 2nd ed.
  • Publisher: London : Oxford University Press, 1974

Available copies

  • 2 of 2 copies available at Common Catalog SPOK.

Holds

  • 0 current holds with 2 total copies.
Show All Copies
Location Call Number / Copy Notes Barcode Shelving Location Status Due Date
ETS Library 220.95 424470004405 Volný výběr Available -
ETS Library 220.95 424470020312 Volný výběr Available -

LDR 00614nam a2 00241
00138011
003CZ-PrJAB
00520230810122358.0
008030724s1974 xxk e |||| |eng d
020 . ‡a0-19-211557-X
035 . ‡a(CONS)6842
035 . ‡aKPS3223
0410 . ‡aeng
08214. ‡a220.95
1001 . ‡aMay, Herbert G. ‡q(Herbert Gordon), ‡d1904-1977 ‡7xx0109407 ‡4aut
24510. ‡aOxford Bible atlas / ‡cHerbert G. May
250 . ‡a2nd ed.
260 . ‡aLondon : ‡bOxford University Press, ‡c1974
300 . ‡a144 p.
6530 . ‡aOxford Bible atlas
8524 . ‡bETS ‡bETS ‡cVolný výběr ‡j220.95 ‡gA ‡p424470004405
910 . ‡aABG450
999 . ‡a6842 ‡bAUTOGEN ‡c6842 ‡tbiblio
995 . ‡aska
901 . ‡a38011 ‡b ‡c38011 ‡tbiblio ‡sets

Additional Resources